| 000 | 00624nam a22001937a 4500 | ||
|---|---|---|---|
| 005 | 20150513153900.0 | ||
| 010 | _aENG-112651 | ||
| 020 |
_a9788179860915 _c695.00 |
||
| 035 | _aEN-96183 | ||
| 037 | _bDBAD/PUB | ||
| 082 | _a142.7 | ||
| 100 | _a Das, Saitya Brata | ||
| 245 | 0 | 0 |
_aThe promise of time : _c by Saitya Brata Das _btowards a phenomenology of promise / |
| 260 |
_aShimla _bIndian Institute of Advanced Study _c2011 |
||
| 270 |
_aRashtrapati Nivas _bShimla _e171005 |
||
| 300 |
_axix,419p. _c23cm(Hb) |
||
| 500 | _aIncludes bibliographical references and index | ||
| 942 |
_2ddc _cEN _mDAS _h142.7 |
||
| 999 |
_c92830 _d92830 |
||